Fragmentos para una historia del cuerpo humano / (Record no. 185586)
[ view plain ]
| 000 -LEADER | |
|---|---|
| campo de control de longitud fija | 01034nam a2200277 i 4500 |
| 001 - NÚMERO DE CONTROL | |
| campo de control | 185586 |
| 003 - IDENTIFICADOR DE NÚMERO DE CONTROL | |
| campo de control | SpMaBN |
| 005 - FECHA Y HORA DE LA ÚLTIMA TRANSACCIÓN | |
| campo de control | 20250813055708.0 |
| 008 - DATOS DE LONGITUD FIJA--INFORMACIÓN GENERAL | |
| campo de control de longitud fija | 160720m19901992sp a |||| | spa d |
| 020 ## - NÚMERO INTERNACIONAL ESTÁNDAR DEL LIBRO | |
| Número Internacional Estándar del Libro | 84-306-0214-3 |
| 080 ## - NÚMERO DE LA CLASIFICACIÓN DECIMAL UNIVERSAL | |
| Número de la Clasificación Decimal Universal | 611/612 |
| 080 ## - NÚMERO DE LA CLASIFICACIÓN DECIMAL UNIVERSAL | |
| Número de la Clasificación Decimal Universal | 128 |
| 245 00 - MENCIÓN DEL TÍTULO | |
| Título | Fragmentos para una historia del cuerpo humano / |
| Mención de responsabilidad, etc. | editado por Michel Feher con Ramona Nadaff y Nadia Tazi ; [traducción española, José Luis Checa ... et al.]. |
| 260 ## - PUBLICACIÓN, DISTRIBUCIÓN, ETC. | |
| Lugar de publicación, distribución, etc. | Madrid : |
| Nombre del editor, distribuidor, etc. | Taurus, |
| Fecha de publicación, distribución, etc. | [1990-1992] |
| 300 ## - DESCRIPCIÓN FÍSICA | |
| Extensión | 3 v. (498 p., 552 p.,578 p.) : |
| Otras características físicas | il. col. y n., fot., retr. ; |
| Dimensiones | 24 cm. |
| 490 1# - MENCIÓN DE SERIE | |
| Mención de serie | Humanidades. |
| -- | Historia ; |
| Designación de volumen o secuencia | 318-320 |
| 500 ## - NOTA GENERAL | |
| Nota general | Índices. |
| 504 ## - NOTA DE BIBLIOGRAFÍA, ETC. | |
| Nota de bibliografía, etc. | Bibliografía: v. 3, p. 474-554. |
| 650 #7 - PUNTO DE ACCESO ADICIONAL DE MATERIA--TÉRMINO DE MATERIA | |
| Término de materia o nombre geográfico como elemento de entrada | Cuerpo humano (Filosofía) |
| 9 (RLIN) | 11509 |
| 700 1# - ENTRADA AGREGADA--NOMBRE PERSONAL | |
| Nombre de persona | Feher, Michel. |
| 9 (RLIN) | 160174 |
| 700 1# - ENTRADA AGREGADA--NOMBRE PERSONAL | |
| Nombre de persona | Naddaff, Ramona. |
| 9 (RLIN) | 160175 |
| 700 1# - ENTRADA AGREGADA--NOMBRE PERSONAL | |
| Nombre de persona | Tazi, Nadia. |
| 9 (RLIN) | 160176 |
| 830 00 - PUNTO DE ACCESO ADICIONAL DE SERIE-TÍTULO UNIFORME | |
| Título uniforme | Humanidades (Taurus). |
| Nombre de parte o sección de la obra | Historia |
| Designación de volumen o secuencia | 318-320 |
| 9 (RLIN) | 177933 |
| 852 ## - LOCALIZACIÓN | |
| Ubicación | ES-MaACL |
| Número de control de estantería | L-30458-60 |
| Nota libre | . - Donat. Miguel A. Velasco |
| Estatus retirado | Estado de pérdida | Estado de daño | No para préstamo | Biblioteca de origen | Biblioteca actual | Ubicación en estantería | Fecha de adquisición | Fuente de adquisición | Total de préstamos | Signatura topográfica completa | Código de barras | Visto por última vez | Precio de reemplazo | Tipo de ítem Koha |
|---|---|---|---|---|---|---|---|---|---|---|---|---|---|---|
| Biblioteca del Ateneo de Madrid | Biblioteca del Ateneo de Madrid | Depósito 2 | 20/07/2016 | L-30458-60 | 1195624 | 23/02/2023 | 23/02/2023 | Libro impreso |
